Statistiques concernant Les 18 Ministres de l'éducation nationale depuis 1981

Cliquez ici pour prendre le quiz!

Statistiques générales

  • Ce quiz a été pris 59 fois
  • Le résultat moyen est 9 sur 19

Statistiques - réponses

PartiRéponseAnnée% Correct
LREMGabriel Attal2023
94%
DVGPap N'Diaye2022
87%
LREMJean-Michel Blanquer2017
83%
PSNajat Vallaud-Belkacem2014
72%
PSJack Lang1992
61%
PSJack Lang2000
61%
CentreFrançois Bayrou1993
57%
PSLionel Jospin1988
54%
PSBenoit Hamon2014
50%
PSVincent Peillon2012
46%
DVDLuc Ferry2002
44%
PSClaude Allègre1997
41%
UMPXavier Darcos2007
41%
UMPFrançois Fillon2004
39%
PSJean-Pierre Chevènement1984
28%
PSAlain Savary1981
26%
UMPLuc Chatel2009
26%
UDFGilles De Robien2005
17%
UDFRené Monory1986
9%

Distribution des résultats

Percentile par nombre de réponses

% des personnes avec chaque résultat

Votre développement - résultats

Vous n’avez pas pris ce quiz